Beginning MATLAB and Simulink : from novice to professional

Đã lưu trong:
书目详细资料
主要作者: Eshkabilov,Sulaymon
格式: Sách
语言:Undetermined
出版: Apress 2019
主题:
标签: 添加标签
没有标签, 成为第一个标记此记录!
Thư viện lưu trữ: Trung tâm Thư viện - Trường Đại học Công nghiệp TP. Hồ Chí Minh
LEADER 00486nam a2200157Ia 4500
001 UIH_00078
008 230809s9999 xx 000 0 und d
082 |a 620.00151 
100 |a Eshkabilov,Sulaymon 
245 0 |a Beginning MATLAB and Simulink : from novice to professional 
245 0 |c Eshkabilov,Sulaymon 
260 |b Apress 
260 |c 2019 
650 |a Matlab;Simulink; 
927 |a Sách 
980 |a Trung tâm Thư viện - Trường Đại học Công nghiệp TP. Hồ Chí Minh